| 000 | 00720nam a2200205 a 4500 | ||
|---|---|---|---|
| 001 | 3663 | ||
| 003 | CDMR | ||
| 005 | 20131023171243.0 | ||
| 008 | 130130s1985||||||||||||||||||||||||||||d | ||
| 020 | _a2110014075 | ||
| 040 |
_aCDMR _bcat _cCDMR |
||
| 100 | 1 |
_aGournay, Chantal De _92610 |
|
| 245 | 1 | 0 |
_aTélévisions déchainées _b: la déréglamentation en Italie, en Grande-Bretagne et aux États-Unis _cChantal de Gournay, Pierre Musso, Guy Pineau |
| 260 |
_aParis _c1985 _bLa Documentation Française |
||
| 650 | 0 | 4 |
_93205 _aTelevisió _xDret i legislació |
| 650 | 0 | 4 |
_93730 _aPolítica de la televisió |
| 650 | 0 | 4 |
_91004 _aTelevisió _zEstats Units d'Amèrica |
| 650 | 0 | 4 |
_93877 _aTelevisió _zRegne Unit |
| 942 |
_cMON _2udc |
||
| 999 |
_c3663 _d3663 |
||